[Event "VII Festival Magistrale"]
[Site "Montecatini Terme ITA"]
[Date "1998.08.05"]
[Round "5"]
[White "Vebic, Kasem"]
[Black "Ricci, Alfredo"]
[Result "1-0"]
[WhiteElo "2215"]
[BlackElo "1962"]
[PlyCount "61"]
[EventDate "1998.08.01"]

1.e4 c5 2.Nf3 e6 3.c3 d5 4.e5 Nc6 5.d4 Qb6 6.Bd3 Bd7 7.dxc5 Qc7 8.Qe2 Bxc5
9.O-O Nge7 10.b4 Bb6 11.a4 a6 12.Ba3 Ng6 13.Bxg6 hxg6 14.b5 Na5 15.Bd6 Qc4
16.Qb2 axb5 17.Na3 Qb3 18.Rfb1 Qxb2 19.Rxb2 Nc4 20.Nxc4 dxc4 21.Rbb1 f6 
22.axb5 Kf7 23.Nd2 Rhc8 24.Ra4 fxe5 25.Nxc4 Bc7 26.Nxe5+ Ke8 27.Bxc7 Rxc7 
28.Rxa8+ Bc8 29.c4 g5 30.b6 Rc5 31.Rb5 1-0

[Event "VII Festival Magistrale"]
[Site "Montecatini Terme ITA"]
[Date "1998.08.05"]
[Round "5"]
[White "Zelcic, Robert"]
[Black "Arlandi, Ennio"]
[Result "1/2-1/2"]
[WhiteElo "2585"]
[BlackElo "2440"]
[PlyCount "139"]
[EventDate "1998.08.01"]

1.e4 c5 2.Nf3 e6 3.d4 cxd4 4.Nxd4 Nf6 5.Nc3 d6 6.Be2 Be7 7.O-O O-O 8.f4 a6
9.Kh1 Qc7 10.a4 Nc6 11.Be3 Re8 12.Bf3 Rb8 13.Qe1 Nxd4 14.Bxd4 e5 15.Be3 
exf4 16.Bxf4 Be6 17.e5 Nd7 18.Nd5 Bxd5 19.Bxd5 Bf6 20.exd6 Qxc2 21.Qa5 
Qxb2 22.Rab1 Qd4 23.Rbd1 Qb6 24.Qxb6 Nxb6 25.d7 Nxd7 26.Bxb8 Rxb8 27.a5 b6
28.Bxf7+ Kxf7 29.Rxd7+ Ke6 30.Ra7 bxa5 31.Rxa6+ Kf7 32.Rxa5 Rb4 33.g3 Rb2 
34.Raf5 Kg6 35.R5f2 Rb3 36.Kg2 Ra3 37.Rf3 Ra2+ 38.R1f2 Ra4 39.Rd3 Rb4 40.
Rd5 h6 41.h4 Rb7 42.Rf3 Rb2+ 43.Kh3 Rb1 44.Rd7 Rc1 45.Rb7 Rd1 46.Rb5 Rc1 
47.Re3 Rc8 48.g4 Rc1 49.h5+ Kf7 50.Rb7+ Kf8 51.Re6 Rc8 52.Kg3 Kg8 53.Kf4 
Rf8 54.Ke4 Kh7 55.Kd5 Rd8+ 56.Kc6 Rc8+ 57.Kd7 Rd8+ 58.Kc7 Rf8 59.Rb5 Rf7+ 
60.Kc6 Rf8 61.Rf5 Rc8+ 62.Kd5 Rd8+ 63.Ke4 Rd4+ 64.Kf3 Rd3+ 65.Re3 Rxe3+ 
66.Kxe3 Bb2 67.Kd3 Bc1 68.Kd4 Bb2+ 69.Kd3 Bc1 70.Rf2 1/2-1/2

[Event "VII Festival Magistrale"]
[Site "Montecatini Terme ITA"]
[Date "1998.08.06"]
[Round "6"]
[White "Badea, Bela"]
[Black "Stevic, Hrvoje"]
[Result "1-0"]
[WhiteElo "2530"]
[BlackElo "2465"]
[PlyCount "83"]
[EventDate "1998.08.01"]

1.Nf3 Nf6 2.g3 g6 3.b3 Bg7 4.Bb2 O-O 5.Bg2 d6 6.d4 Nbd7 7.d5 e6 8.dxe6 
fxe6 9.c4 Nc5 10.O-O e5 11.Nc3 c6 12.b4 Nce4 13.Nxe4 Nxe4 14.c5 Qe7 15.
cxd6 Nxd6 16.Qc2 Nf7 17.a3 Bf5 18.Qc3 Be4 19.Nd2 Bxg2 20.Kxg2 Nd6 21.Nc4 
Nf5 22.Nd2 Qf7 23.Qc4 Nd6 24.Qxf7+ Kxf7 25.Rfd1 Rfd8 26.Rac1 Rac8 27.Nf3 
Ke6 28.Ng5+ Kf5 29.f4 b5 30.Rxd6 Rxd6 31.e4+ Kf6 32.Bxe5+ Ke7 33.Bxd6+ 
Kxd6 34.e5+ Kd7 35.Nxh7 a5 36.Rd1+ Ke7 37.Rd6 axb4 38.axb4 c5 39.bxc5 Rxc5
40.Rxg6 Rc2+ 41.Kh3 Kf7 42.Rb6 1-0

[Event "VII Festival Magistrale"]
[Site "Montecatini Terme ITA"]
[Date "1998.08.06"]
[Round "6"]
[White "Contin, Daniel"]
[Black "Drasko, Milan"]
[Result "0-1"]
[WhiteElo "2340"]
[BlackElo "2515"]
[PlyCount "126"]
[EventDate "1998.08.01"]

1.c4 e5 2.Nc3 Nc6 3.g3 g6 4.Bg2 Bg7 5.Rb1 a5 6.a3 f5 7.b4 axb4 8.axb4 d6 
9.b5 Nce7 10.Qb3 c6 11.Ba3 c5 12.d3 Nf6 13.e3 Ra7 14.b6 Ra6 15.Nge2 O-O 
16.O-O Nd7 17.Na4 Nc6 18.Nec3 Na5 19.Qa2 Nxb6 20.Nxb6 Rxb6 21.Rxb6 Qxb6 
22.Rb1 Qd8 23.Bd5+ Kh8 24.Nb5 Nc6 25.Bb2 Nb4 26.Qb3 g5 27.Bg2 f4 28.exf4 
gxf4 29.Be4 Bf5 30.Qd1 Nc6 31.Bxf5 Rxf5 32.Qf3 Rf6 33.g4 Rg6 34.Kf1 Nb4 
35.Ra1 d5 36.cxd5 Ra6 37.Re1 Qxd5 38.Qxd5 Nxd5 39.Bxe5 Bxe5 40.Rxe5 f3 41.
Ke1 Nb4 42.Kd2 Ra2+ 43.Kc3 Rxf2 44.d4 Rc2+ 45.Kb3 f2 46.Rf5 Rd2 47.Kc3 
Rc2+ 48.Kb3 Re2 49.Kc4 b6 50.Nc3 Rd2 51.dxc5 bxc5 52.h3 Nc2 53.Nd1 Rxd1 
54.Rxf2 Ne1 55.Rf1 Rc1+ 56.Kd5 c4 57.Ke6 Nd3 58.Rf3 c3 59.Rf8+ Kg7 60.Rc8 
c2 61.Kd6 Rd1 62.Rc7+ Kg6 63.h4 c1=Q 0-1

[Event "VII Festival Magistrale"]
[Site "Montecatini Terme ITA"]
[Date "1998.08.06"]
[Round "6"]
[White "Costantini, Roberto"]
[Black "Ellers, Holger"]
[Result "0-1"]
[WhiteElo "2190"]
[BlackElo "2425"]
[PlyCount "80"]
[EventDate "1998.08.01"]

1.e4 e6 2.d4 d5 3.Nc3 Nc6 4.e5 f6 5.exf6 Nxf6 6.Nf3 Bd6 7.Bd3 O-O 8.O-O e5
9.dxe5 Nxe5 10.Nxe5 Bxe5 11.Bg5 c6 12.f4 Bd6 13.Qe1 Bd7 14.Qh4 h6 15.Rf3 
Kf7 16.Raf1 Rh8 17.Bxf6 Qxf6 18.Qf2 Rhe8 19.Rg3 Bf5 20.Bxf5 Qxf5 21.Qd4 
Qf6 22.Qd3 Re7 23.Rgf3 Rae8 24.Rd1 Bc5+ 25.Kh1 Bd4 26.g3 Re1+ 27.Rf1 Bxc3 
28.bxc3 R1e3 29.Qd4 Qxd4 30.cxd4 Re2 31.Rc1 Rd2 32.Rfd1 Ree2 33.Rxd2 Rxd2 
34.c4 Rxd4 35.cxd5 Rxd5 36.Rc2 Ke6 37.Kg2 c5 38.Kf3 b5 39.Re2+ Kd6 40.g4 
c4 0-1

[Event "VII Festival Magistrale"]
[Site "Montecatini Terme ITA"]
[Date "1998.08.06"]
[Round "6"]
[White "De Kleuver, Esther"]
[Black "Niederstaetter, Harald"]
[Result "1-0"]
[WhiteElo "2220"]
[BlackElo "2100"]
[PlyCount "47"]
[EventDate "1998.08.01"]

1.e4 c5 2.c3 e5 3.Nf3 Nc6 4.d4 cxd4 5.cxd4 exd4 6.Nxd4 Nf6 7.Nc3 Bb4 8.
Nxc6 bxc6 9.Bd3 d5 10.exd5 Nxd5 11.O-O Nxc3 12.bxc3 Be7 13.Qc2 h6 14.Qe2 
Kf8 15.Bc4 Qd6 16.Re1 g6 17.a4 Qf6 18.Be3 c5 19.Rab1 Be6 20.Bxe6 fxe6 21.
Qc4 Qf5 22.Bf4 Kf7 23.Rb7 Rhb8 24.Bxb8 1-0

[Event "VII Festival Magistrale"]
[Site "Montecatini Terme ITA"]
[Date "1998.08.06"]
[Round "6"]
[White "De Waal, Ton"]
[Black "Gritsch, Christoph"]
[Result "1/2-1/2"]
[WhiteElo "2275"]
[BlackElo "2175"]
[PlyCount "28"]
[EventDate "1998.08.01"]

1.e4 c5 2.Nc3 Nc6 3.g3 g6 4.Bg2 Bg7 5.d3 d6 6.f4 e6 7.Nf3 Nge7 8.O-O O-O 
9.Be3 b6 10.d4 e5 11.fxe5 cxd4 12.Nxd4 Nxd4 13.Bxd4 dxe5 14.Be3 Ba6 
1/2-1/2

[Event "VII Festival Magistrale"]
[Site "Montecatini Terme ITA"]
[Date "1998.08.06"]
[Round "6"]
[White "Farago, Ivan"]
[Black "Belotti, Bruno"]
[Result "1-0"]
[WhiteElo "2530"]
[BlackElo "2430"]
[PlyCount "93"]
[EventDate "1998.08.01"]

1.d4 d6 2.Nf3 g6 3.c4 Nf6 4.Nc3 Bg7 5.e4 O-O 6.Be2 e5 7.O-O Nc6 8.d5 Ne7 
9.b4 c6 10.Nd2 a5 11.bxa5 Qxa5 12.Qc2 Ne8 13.Nb3 Qd8 14.dxc6 Nxc6 15.Nb5 
Nc7 16.Rd1 Ne6 17.Be3 Qe7 18.Qd2 Rd8 19.Bb6 Rd7 20.Bg4 Ra6 21.Bxe6 fxe6 
22.Be3 Bf8 23.Bh6 Bxh6 24.Qxh6 Nd8 25.Rd3 Rc6 26.Qd2 Nf7 27.Qb4 b6 28.Rad1
Ba6 29.a4 Rc8 30.h3 Bxb5 31.cxb5 Rdc7 32.a5 Rc4 33.Qe1 Qd7 34.axb6 Qxb5 
35.Na5 Ra4 36.b7 Rf8 37.Rb3 Qxa5 38.Qxa5 Rxa5 39.b8=Q Rxb8 40.Rxb8+ Kg7 
41.Rb7 d5 42.Rd3 Kg8 43.Rc3 Ra1+ 44.Kh2 Ra8 45.Rcc7 Rf8 46.Re7 dxe4 47.
Rbd7 1-0

[Event "VII Festival Magistrale"]
[Site "Montecatini Terme ITA"]
[Date "1998.08.06"]
[Round "6"]
[White "Grosse-Kloenne, Elmar"]
[Black "Gorgs, Alfred"]
[Result "1/2-1/2"]
[WhiteElo "2280"]
[BlackElo "2185"]
[PlyCount "52"]
[EventDate "1998.08.01"]

1.e4 c5 2.Nf3 Nc6 3.Bb5 g6 4.Bxc6 bxc6 5.d3 Bg7 6.O-O Nf6 7.Re1 O-O 8.h3 
d6 9.e5 Nd5 10.Nbd2 Rb8 11.Nb3 Ba6 12.Bd2 Qd7 13.Qe2 Rfe8 14.Qe4 Nb4 15.
Rac1 Nxa2 16.Ra1 Nb4 17.d4 Bc4 18.Bxb4 Bd5 19.Qe3 Rxb4 20.dxc5 Bxf3 21.
Qxf3 Bxe5 22.Qd3 Bxb2 23.Rab1 Bf6 24.cxd6 exd6 25.Rxe8+ Qxe8 26.Qxd6 Qe7 
1/2-1/2

[Event "VII Festival Magistrale"]
[Site "Montecatini Terme ITA"]
[Date "1998.08.06"]
[Round "6"]
[White "Horvath, Csaba"]
[Black "Maric, Alisa"]
[Result "1-0"]
[WhiteElo "2540"]
[BlackElo "2480"]
[PlyCount "73"]
[EventDate "1998.08.01"]

1.d4 Nf6 2.Nf3 e6 3.g3 d5 4.Bg2 b5 5.O-O Bb7 6.Bg5 c5 7.c3 Nbd7 8.Nbd2 Bd6
9.a4 b4 10.a5 bxc3 11.bxc3 O-O 12.a6 Bc6 13.c4 Qc7 14.dxc5 Bxc5 15.Nb3 
dxc4 16.Nxc5 Nxc5 17.Bxf6 gxf6 18.Qd4 Nb3 19.Qxc4 Nxa1 20.Nd4 Nb3 21.Nxb3 
Rac8 22.Rc1 Qb6 23.Bxc6 Rfd8 24.Kg2 Rxc6 25.Qxc6 Qxb3 26.Qb7 Qd5+ 27.e4 
Qd3 28.Rc7 f5 29.Rxf7 Qxe4+ 30.Qxe4 fxe4 31.Rxa7 Rd6 32.Kh3 e5 33.Kg4 Rf6 
34.Kg5 Rxf2 35.Rb7 e3 36.a7 Rf8 37.Rb8 1-0

[Event "VII Festival Magistrale"]
[Site "Montecatini Terme ITA"]
[Date "1998.08.06"]
[Round "6"]
[White "Kleibaumhueter, Klaus"]
[Black "Friedrich, Norbert"]
[Result "1-0"]
[WhiteElo "2185"]
[BlackElo "2295"]
[PlyCount "55"]
[EventDate "1998.08.01"]

1.Nf3 g6 2.c4 Bg7 3.Nc3 Nf6 4.g3 O-O 5.Bg2 d6 6.O-O e5 7.b4 Nc6 8.b5 Ne7 
9.Ba3 a6 10.bxa6 Rxa6 11.Qb3 Re8 12.c5 Be6 13.Qb2 e4 14.cxd6 exf3 15.dxe7 
Qa8 16.Bxf3 Rxa3 17.Bxb7 Qa5 18.Bc6 Rxe7 19.Qb8+ Bf8 20.Rfb1 Qc5 21.Bg2 
Re8 22.Qb2 Bg7 23.Nb5 Ra5 24.a4 Qb6 25.d4 Rb8 26.Qc2 Bd7 27.Nxc7 Qxd4 28.
Rxb8+ 1-0

[Event "VII Festival Magistrale"]
[Site "Montecatini Terme ITA"]
[Date "1998.08.06"]
[Round "6"]
[White "Malakhov, Vladimir"]
[Black "Barlov, Dragan"]
[Result "1/2-1/2"]
[WhiteElo "2550"]
[BlackElo "2495"]
[PlyCount "85"]
[EventDate "1998.08.01"]

1.e4 c5 2.Nf3 e6 3.c4 b6 4.Nc3 Bb7 5.d4 cxd4 6.Nxd4 d6 7.Be2 Nf6 8.f3 a6 
9.Be3 Nbd7 10.O-O Be7 11.Rc1 O-O 12.Qd2 Rc8 13.Rfd1 Qc7 14.Bf1 Qb8 15.Qf2 
Rfe8 16.Kh1 Bf8 17.Nb3 Bc6 18.a3 Ba8 19.Nd2 Rc6 20.Nb3 Rec8 21.Na2 R6c7 
22.Nb4 Ra7 23.Nd4 g6 24.Ne2 Nc5 25.Nc3 Bg7 26.Nc2 Ne8 27.Rb1 Rb7 28.Bd4 
Bxd4 29.Nxd4 Rbc7 30.b4 Nd7 31.b5 a5 32.Nc2 Nc5 33.Qg3 Rd7 34.Ne3 Qc7 35.
Rd2 Qd8 36.Rbd1 Qe7 37.Qf4 Rcd8 38.Nc2 Kg7 39.Ne1 e5 40.Qg3 Nf6 41.Qh4 Nb3
42.Rd3 Nc5 43.R3d2 1/2-1/2

[Event "VII Festival Magistrale"]
[Site "Montecatini Terme ITA"]
[Date "1998.08.06"]
[Round "6"]
[White "Manca, Federico"]
[Black "Menoni, Vincenzo"]
[Result "1/2-1/2"]
[WhiteElo "2380"]
[BlackElo "2285"]
[PlyCount "37"]
[EventDate "1998.08.01"]

1.e4 e6 2.d4 d5 3.Nc3 Bb4 4.e5 c5 5.a3 Bxc3+ 6.bxc3 Ne7 7.Nf3 Bd7 8.a4 Qa5
9.Qd2 Nbc6 10.Bd3 f6 11.O-O fxe5 12.dxe5 O-O 13.Re1 h6 14.c4 Qxd2 15.Bxd2 
Nb4 16.Bxb4 cxb4 17.cxd5 Nxd5 18.a5 Rac8 19.Be4 1/2-1/2

[Event "VII Festival Magistrale"]
[Site "Montecatini Terme ITA"]
[Date "1998.08.06"]
[Round "6"]
[White "Mariotti, Sergio"]
[Black "Greenfeld, Alon"]
[Result "0-1"]
[WhiteElo "2365"]
[BlackElo "2535"]
[PlyCount "68"]
[EventDate "1998.08.01"]

1.e4 c5 2.Nf3 Nc6 3.Nc3 d6 4.d4 cxd4 5.Nxd4 Nf6 6.Bg5 e6 7.Qd2 Be7 8.O-O-O
O-O 9.f4 h6 10.Bh4 e5 11.Nf5 Bxf5 12.exf5 exf4 13.Kb1 d5 14.Qxf4 Qb6 15.
Nxd5 Nxd5 16.Rxd5 Rad8 17.Bc4 Ba3 18.b3 Rxd5 19.Bxd5 Qa5 20.Be4 Nb4 21.Rd1
b5 22.Qg3 Qa6 23.f6 Nd5 24.Rxd5 b4 25.Qf3 g6 26.Qd3 Qxd3 27.Rxd3 Re8 28.
Rd2 Re6 29.g4 Rxe4 30.h3 h5 31.Bf2 hxg4 32.hxg4 Rf4 33.c4 bxc3 34.Bxa7 
Rxf6 0-1

[Event "VII Festival Magistrale"]
[Site "Montecatini Terme ITA"]
[Date "1998.08.06"]
[Round "6"]
[White "Martorelli, Antonio"]
[Black "Mantovani, Renzo"]
[Result "1-0"]
[WhiteElo "2380"]
[BlackElo "2380"]
[PlyCount "63"]
[EventDate "1998.08.01"]

1.e4 c5 2.Nc3 Nc6 3.f4 e6 4.Nf3 Nge7 5.a4 d5 6.d3 g6 7.Be2 Bg7 8.O-O O-O 
9.Qe1 Nd4 10.Bd1 Nec6 11.Ne2 b6 12.c3 Nxf3+ 13.Rxf3 Qe7 14.Bc2 Bb7 15.Be3 
Na5 16.Rh3 dxe4 17.dxe4 Nc4 18.Bf2 Nxb2 19.Bh4 Bf6 20.Bxf6 Qxf6 21.e5 Qe7 
22.Ng3 f5 23.exf6 Qxf6 24.Ne4 Qxf4 25.Rf3 Qc7 26.Nf6+ Kh8 27.Be4 Nc4 28.
Bxb7 Qxb7 29.Qxe6 Qf7 30.Qe2 Rad8 31.Nxh7 Rfe8 32.Rxf7 1-0

[Event "VII Festival Magistrale"]
[Site "Montecatini Terme ITA"]
[Date "1998.08.06"]
[Round "6"]
[White "Naumkin, Igor"]
[Black "Horvath, Jozsef"]
[Result "1/2-1/2"]
[WhiteElo "2475"]
[BlackElo "2530"]
[PlyCount "25"]
[EventDate "1998.08.01"]

1.d4 d5 2.c4 dxc4 3.Nf3 Nf6 4.e3 e6 5.Bxc4 c5 6.O-O a6 7.a4 Nc6 8.Qe2 cxd4
9.Rd1 Be7 10.exd4 O-O 11.Nc3 Nd5 12.Qe4 Nf6 13.Qe2 1/2-1/2

[Event "VII Festival Magistrale"]
[Site "Montecatini Terme ITA"]
[Date "1998.08.06"]
[Round "6"]
[White "Ovsejevitsch, Sergei"]
[Black "Dorin, Mauricio"]
[Result "1-0"]
[WhiteElo "2500"]
[BlackElo "2360"]
[PlyCount "107"]
[EventDate "1998.08.01"]

1.d4 e6 2.c4 Nf6 3.Nf3 b6 4.g3 Ba6 5.b3 Bb4+ 6.Bd2 Be7 7.Bg2 c6 8.Bc3 d5 
9.Ne5 Nfd7 10.Nxd7 Nxd7 11.Nd2 Nf6 12.e4 dxe4 13.Nxe4 Bb7 14.O-O O-O 15.
Re1 Rc8 16.Qc2 Rc7 17.Rad1 h6 18.Bd2 Rd7 19.Bf4 Nxe4 20.Bxe4 Bf6 21.Be5 
Bxe5 22.dxe5 Rd4 23.Qe2 Kh8 24.Bg2 Rxd1 25.Rxd1 Qc7 26.Rd6 c5 27.Qd3 Bxg2 
28.Kxg2 Kg8 29.a4 Rc8 30.h4 h5 31.Qf3 g6 32.Qf6 Qb7+ 33.f3 Re8 34.Kh3 Qe7 
35.g4 Kh7 36.Kg3 Qb7 37.Kf4 Rg8 38.Qg5 hxg4 39.fxg4 Qc7 40.Qf6 Qb7 41.Kg3 
Re8 42.Kf4 Qc7 43.Rd1 Rg8 44.Ke3 a6 45.Kf2 Qb7 46.Qg5 Rg7 47.h5 Qc7 48.Rh1
Qd7 49.Ke2 Qd4 50.hxg6+ Kg8 51.gxf7+ Kxf7 52.Qf6+ Kg8 53.Qxe6+ Rf7 54.Qe8+
1-0

[Event "VII Festival Magistrale"]
[Site "Montecatini Terme ITA"]
[Date "1998.08.06"]
[Round "6"]
[White "Sax, Gyula"]
[Black "Scavo, Fernando"]
[Result "1-0"]
[WhiteElo "2525"]
[BlackElo "2290"]
[PlyCount "77"]
[EventDate "1998.08.01"]

1.e4 d5 2.exd5 Nf6 3.d4 Bg4 4.f3 Bf5 5.Bb5+ Nbd7 6.c4 a6 7.Ba4 b5 8.cxb5 
Nb6 9.bxa6+ Nxa4 10.Qxa4+ Bd7 11.Qc4 e6 12.dxe6 Bxe6 13.Qc6+ Bd7 14.Qc2 
Bb4+ 15.Nc3 O-O 16.Ne2 Bb5 17.O-O Bxa6 18.Bg5 Re8 19.Rfd1 h6 20.Bh4 g5 21.
Bf2 Nd5 22.Nxd5 Qxd5 23.Ng3 Re6 24.a3 Bf8 25.Re1 Rb6 26.b4 Rc6 27.Qb1 Bb5 
28.Re5 Qc4 29.Qe1 Bg7 30.Nf5 Rca6 31.Rc1 Qd3 32.Rc3 Qxc3 33.Qxc3 Bxe5 34.
Qc5 Bf6 35.Qxb5 Rxa3 36.h4 Ra1+ 37.Kh2 gxh4 38.Nxh6+ Kg7 39.Ng4 1-0

[Event "VII Festival Magistrale"]
[Site "Montecatini Terme ITA"]
[Date "1998.08.06"]
[Round "6"]
[White "Simons, Rudy"]
[Black "Martinez Martin, David"]
[Result "1-0"]
[WhiteElo "2105"]
[BlackElo "2285"]
[PlyCount "45"]
[EventDate "1998.08.01"]

1.e4 c5 2.Nf3 d6 3.d4 Nf6 4.Nc3 cxd4 5.Nxd4 g6 6.Bc4 Bg7 7.h3 O-O 8.Bb3 
Nc6 9.Be3 Bd7 10.O-O Rc8 11.f4 Qa5 12.Qf3 Nxd4 13.Bxd4 Bc6 14.Rad1 b5 15.
Rfe1 Rfe8 16.Qf2 b4 17.e5 Nd5 18.Nxd5 Bxd5 19.Bxd5 Qxd5 20.exd6 Rxc2 21.
Qxc2 Bxd4+ 22.Kh1 Qxd6 23.Qc4 1-0

[Event "VII Festival Magistrale"]
[Site "Montecatini Terme ITA"]
[Date "1998.08.06"]
[Round "6"]
[White "Vallejo Pons, Francisco"]
[Black "Dervishi, Erald"]
[Result "1/2-1/2"]
[WhiteElo "2450"]
[BlackElo "2430"]
[PlyCount "69"]
[EventDate "1998.08.01"]

1.e4 e5 2.Nf3 Nc6 3.d4 exd4 4.Nxd4 Nf6 5.Nxc6 bxc6 6.e5 Qe7 7.Qe2 Nd5 8.c4
Nb6 9.Nc3 Qe6 10.Bd2 Be7 11.Qe4 d5 12.exd6 cxd6 13.O-O-O Qxe4 14.Nxe4 O-O 
15.Bb4 c5 16.Ba5 Be6 17.b3 d5 18.cxd5 Bxd5 19.Bxb6 Bxe4 20.Ba5 Bf6 21.f3 
Bc6 22.Bc4 Rfe8 23.Kc2 Be5 24.h3 Rac8 25.a4 h5 26.Be1 Bd4 27.Bc3 Red8 28.
Rhe1 Kf8 29.Bxd4 cxd4 30.Kd3 f6 31.Rc1 Rb8 32.h4 Rb7 33.a5 Be8 34.a6 Rb6 
35.g4 1/2-1/2

[Event "VII Festival Magistrale"]
[Site "Montecatini Terme ITA"]
[Date "1998.08.06"]
[Round "6"]
[White "Van der Werf, Mark"]
[Black "Genocchio, Daniele"]
[Result "1-0"]
[WhiteElo "2415"]
[BlackElo "2195"]
[PlyCount "41"]
[EventDate "1998.08.01"]

1.d4 c5 2.d5 e6 3.e4 d6 4.Nc3 Be7 5.Bb5+ Nd7 6.a4 a6 7.Be2 exd5 8.exd5 Bf6
9.Ne4 Be5 10.f4 Ngf6 11.Ng3 Bd4 12.Nf3 Nxd5 13.Nxd4 cxd4 14.Qxd4 N7f6 15.
O-O O-O 16.a5 Ne7 17.f5 Nc6 18.Qh4 Nxa5 19.Bg5 Nc6 20.Kh1 h6 21.Bxh6 1-0

[Event "VII Festival Magistrale"]
[Site "Montecatini Terme ITA"]
[Date "1998.08.07"]
[Round "7"]
[White "Aleksic, Nenad"]
[Black "Contin, Daniel"]
[Result "1/2-1/2"]
[WhiteElo "2445"]
[BlackElo "2340"]
[PlyCount "25"]
[EventDate "1998.08.01"]

1.e4 e6 2.Nf3 d5 3.Nc3 Nf6 4.e5 Ne4 5.Ne2 Bc5 6.d4 Be7 7.Ng3 c5 8.c3 cxd4 
9.cxd4 O-O 10.Bd3 Qc7 11.Nxe4 dxe4 12.Bxe4 Qxe5 13.Qe2 1/2-1/2

[Event "VII Festival Magistrale"]
[Site "Montecatini Terme ITA"]
[Date "1998.08.07"]
[Round "7"]
[White "Belotti, Bruno"]
[Black "Kosanski, Stanko"]
[Result "0-1"]
[WhiteElo "2430"]
[BlackElo "2390"]
[PlyCount "112"]
[EventDate "1998.08.01"]

1.Nf3 e6 2.g3 c5 3.Bg2 Nc6 4.O-O Nf6 5.d3 d5 6.Nbd2 Be7 7.e4 Qc7 8.Re1 b6 
9.Nf1 d4 10.e5 Nd7 11.h4 Bb7 12.Qe2 h6 13.N1h2 O-O-O 14.c4 Rde8 15.a3 g5 
16.hxg5 hxg5 17.Ng4 Rh5 18.Bd2 a5 19.b4 cxb4 20.axb4 axb4 21.Nf6 Nxf6 22.
exf6 Bxf6 23.Nxd4 Nxd4 24.Qxh5 Bxg2 25.Kxg2 Qb7+ 26.Re4 Nb3 27.Ra8+ Qxa8 
28.Qxf7 Rd8 29.Qxe6+ Rd7 30.Bxb4 Bd8 31.Kh3 Qb7 32.d4 Kb8 33.Bd6+ Ka7 34.
c5 Na5 35.f3 Rh7+ 36.Kg4 Rh1 37.cxb6+ Bxb6 38.Qe7 Nc6 39.Qxb7+ Kxb7 40.d5 
Na7 41.Kxg5 Rd1 42.Re5 Nb5 43.Bb4 Bc7 44.Re7 Rxd5+ 45.Kg6 Nd4 46.Rf7 Kc6 
47.g4 Ne2 48.Be7 Nf4+ 49.Kh6 Rd3 50.g5 Rxf3 51.Bf6 Bd6 52.Ra7 Kd5 53.Ra5+ 
Ke6 54.Ba1 Kf7 55.Rf5+ Kg8 56.g6 Rg3 0-1

[Event "VII Festival Magistrale"]
[Site "Montecatini Terme ITA"]
[Date "1998.08.07"]
[Round "7"]
[White "Colovic, Aleksandar"]
[Black "Luciani, Valerio"]
[Result "1-0"]
[WhiteElo "2390"]
[BlackElo "2230"]
[PlyCount "45"]
[EventDate "1998.08.01"]

1.e4 e6 2.d4 d5 3.Nc3 Bb4 4.e5 c5 5.a3 Bxc3+ 6.bxc3 Ne7 7.a4 Nbc6 8.Nf3 
Qa5 9.Bd2 Bd7 10.Bb5 Qc7 11.O-O f6 12.Qe2 O-O-O 13.Bc1 Rde8 14.Ba3 c4 15.
Bd6 Qa5 16.Bxc6 Nxc6 17.Qd2 Nd8 18.exf6 gxf6 19.Bg3 Nc6 20.Rfb1 Qd8 21.a5 
a6 22.Rb6 Rhf8 23.Rab1 1-0

[Event "VII Festival Magistrale"]
[Site "Montecatini Terme ITA"]
[Date "1998.08.07"]
[Round "7"]
[White "Dekker, Bart"]
[Black "Manca, Federico"]
[Result "1/2-1/2"]
[WhiteElo "2195"]
[BlackElo "2380"]
[PlyCount "37"]
[EventDate "1998.08.01"]

1.e4 d6 2.d4 Nf6 3.f3 g6 4.c4 Bg7 5.Nc3 O-O 6.Be3 e5 7.d5 c6 8.Bd3 cxd5 9.
cxd5 a6 10.Nge2 Nh5 11.Qd2 Nd7 12.O-O f5 13.exf5 gxf5 14.f4 exf4 15.Nxf4 
Nxf4 16.Bxf4 Ne5 17.Be2 Bd7 18.Kh1 Kh8 19.Rac1 1/2-1/2

[Event "VII Festival Magistrale"]
[Site "Montecatini Terme ITA"]
[Date "1998.08.07"]
[Round "7"]
[White "Dervishi, Erald"]
[Black "Horvath, Csaba"]
[Result "1-0"]
[WhiteElo "2430"]
[BlackElo "2540"]
[PlyCount "66"]
[EventDate "1998.08.01"]

1.e4 c5 2.Nf3 e6 3.d4 cxd4 4.Nxd4 a6 5.Bd3 d5 6.exd5 Qxd5 7.O-O Nd7 8.Be3 
Ngf6 9.c4 Qe5 10.Nc3 Qc7 11.Rc1 b6 12.Nd5 exd5 13.Re1 Bd6 14.cxd5 Nc5 15.
Bg5+ Kf8 16.b4 Bxh2+ 17.Kf1 Bg4 18.Qd2 Be5 19.bxc5 Bxd4 20.d6 Qd8 21.Be4 
bxc5 22.Bxa8 Qxd6 23.Bf4 Qd7 24.Rb1 Be6 25.Rb7 Qa4 26.Rb8+ Ne8 27.Bd6+ Kg8
28.Qa5 Qc4+ 29.Kg1 Bxf2+ 30.Kxf2 Qg4 31.Re3 Bd7 32.Qc3 Qh4+ 33.Bg3 Qxg3+ 
1-0

[Event "VII Festival Magistrale"]
[Site "Montecatini Terme ITA"]
[Date "1998.08.07"]
[Round "7"]
[White "Dorin, Mauricio"]
[Black "Arlandi, Ennio"]
[Result "0-1"]
[WhiteElo "2360"]
[BlackElo "2440"]
[PlyCount "124"]
[EventDate "1998.08.01"]

1.e4 c5 2.c3 d5 3.exd5 Qxd5 4.d4 Nf6 5.Nf3 Bg4 6.Nbd2 Nc6 7.Bc4 Bxf3 8.
gxf3 Qf5 9.Qb3 O-O-O 10.Bxf7 Nd5 11.Bxd5 Rxd5 12.Rg1 e6 13.Rg3 cxd4 14.c4 
Rd7 15.Ne4 Ne5 16.c5 d3 17.Qd1 Be7 18.Be3 Rf8 19.Nd2 Bh4 20.Rg2 Qh3 21.Kf1
Rxf3 22.Kg1 Rf6 23.Qa4 Rg6 24.Rxg6 hxg6 25.Qxa7 Ng4 26.Qa8+ Kc7 27.Bf4+ e5
28.c6 Bxf2+ 29.Kh1 bxc6 30.Rc1 Rd6 31.Bxe5 Nxe5 32.Qa5+ Kd7 33.Qxe5 Bd4 
34.Qe4 Qf5 35.Qg2 Qd5 36.Qxd5 Rxd5 37.Nc4 Ke6 38.Rd1 Rg5 39.h4 Rg4 40.Rxd3
Rxh4+ 41.Kg2 g5 42.b3 Rf4 43.Kg3 Bf2+ 44.Kg2 Bc5 45.Na5 Rf2+ 46.Kg3 Rxa2 
47.Nxc6 Bd6+ 48.Kf3 Bf4 49.Nd4+ Ke5 50.Nc6+ Kf6 51.b4 Rb2 52.Ke4 Kg6 53.
Rd4 Bh2 54.Kd3 Kh5 55.Kc3 Rf2 56.Rd2 Rf3+ 57.Kc4 Bf4 58.Rd1 g4 59.Nd4 Rf2 
60.Ne6 g3 61.Rd7 g5 62.Rd1 g2 0-1

[Event "VII Festival Magistrale"]
[Site "Montecatini Terme ITA"]
[Date "1998.08.07"]
[Round "7"]
[White "Drasko, Milan"]
[Black "Naumkin, Igor"]
[Result "1/2-1/2"]
[WhiteElo "2515"]
[BlackElo "2475"]
[PlyCount "20"]
[EventDate "1998.08.01"]

1.d4 Nf6 2.c4 e6 3.Nc3 Bb4 4.Qd2 O-O 5.a3 Bxc3 6.Qxc3 b6 7.Bg5 Bb7 8.e3 h6
9.Bh4 d6 10.f3 Nbd7 1/2-1/2

[Event "VII Festival Magistrale"]
[Site "Montecatini Terme ITA"]
[Date "1998.08.07"]
[Round "7"]
[White "Drei, Andrea"]
[Black "Krupkova, Petra"]
[Result "0-1"]
[WhiteElo "2340"]
[BlackElo "2315"]
[PlyCount "46"]
[EventDate "1998.08.01"]

1.e4 c5 2.Nf3 d6 3.d4 cxd4 4.Nxd4 Nf6 5.Nc3 a6 6.Bg5 e6 7.f4 Qb6 8.Qd2 
Qxb2 9.Nb3 Qa3 10.Bxf6 gxf6 11.Be2 Nc6 12.O-O h5 13.Kh1 Bd7 14.Rad1 Rc8 
15.Rf3 Be7 16.Rh3 h4 17.g3 Na5 18.Rxh4 Rxh4 19.gxh4 Qb4 20.Nxa5 Rxc3 21.
Bf3 Qxa5 22.h5 Qa3 23.h6 Rxf3 0-1

[Event "VII Festival Magistrale"]
[Site "Montecatini Terme ITA"]
[Date "1998.08.07"]
[Round "7"]
[White "Efimov, Igor"]
[Black "Vezzosi, Paolo"]
[Result "1-0"]
[WhiteElo "2530"]
[BlackElo "2325"]
[PlyCount "101"]
[EventDate "1998.08.01"]

1.d4 c5 2.d5 e5 3.e4 d6 4.Nc3 Be7 5.Bb5+ Nd7 6.Nf3 a6 7.Be2 Nf8 8.a4 b6 9.
Nd2 Ng6 10.Nc4 Rb8 11.g3 Nf6 12.h4 h5 13.Bg5 Ng4 14.f3 Nf6 15.Ne3 Ng8 16.
Nf5 Kf8 17.Be3 Bf6 18.Bf2 N6e7 19.Ne3 g6 20.Bd3 Bg7 21.Qe2 Ra8 22.Rb1 Nf6 
23.b4 Nd7 24.Nc4 Qc7 25.bxc5 bxc5 26.O-O Bh6 27.a5 Kg7 28.Na4 Bb7 29.Ncb6 
Ra7 30.Rb3 Nf6 31.Rfb1 Rd8 32.Nc4 Ne8 33.Kh2 f5 34.Nxe5 fxe4 35.fxe4 dxe5 
36.Nxc5 Bc8 37.Ne6+ Bxe6 38.Bb6 Qb8 39.Bxa7 Qxa7 40.Rb7 Qc5 41.dxe6 Nf6 
42.Rf1 Rf8 43.Kg2 g5 44.Qf2 Qxf2+ 45.Rxf2 Ng8 46.Rxf8 Kxf8 47.hxg5 Bxg5 
48.Rb6 Be3 49.Rxa6 Nf6 50.Kf3 Bg1 51.Bb5 1-0

[Event "VII Festival Magistrale"]
[Site "Montecatini Terme ITA"]
[Date "1998.08.07"]
[Round "7"]
[White "Ellers, Holger"]
[Black "Bellia, Fabrizio"]
[Result "1-0"]
[WhiteElo "2425"]
[BlackElo "2330"]
[PlyCount "61"]
[EventDate "1998.08.01"]

1.d4 d5 2.Nf3 Nc6 3.g3 Bg4 4.Bg2 e6 5.O-O Nge7 6.Nbd2 h5 7.h3 Bxf3 8.Nxf3 
g6 9.c3 Bg7 10.Qc2 Qd7 11.e4 O-O-O 12.Re1 dxe4 13.Qxe4 Qd5 14.Qe2 Qd7 15.
Bg5 Rde8 16.Rad1 Kb8 17.Ne5 Nxe5 18.dxe5 Qc8 19.Rd3 Nd5 20.Red1 c6 21.c4 
Nb6 22.b3 Qc7 23.Rd6 Rhf8 24.Qe1 h4 25.Bxh4 Nc8 26.Rd7 Qxe5 27.Qb4 Nb6 28.
Be7 Rxe7 29.Qxe7 Nxd7 30.Rxd7 Qe1+ 31.Kh2 1-0